[Event "HCL-E1546"]
[Site "www.playchess.de"]
[Date "2006.02.05"]
[Round "9"]
[White "FlatoA"]
[Black "XANDERKIRV"]
[WhiteElo "1424"]
[BlackElo "1472"]
[PlyCount "103"]
[Result "0-1"]

1.e4 c5 2.Nf3 e6 3.d3 h6 4.g3 d6 5.Bg2 Nc6 6.O-O 
Be7 7.Nc3 a6 8.Be3 Nf6 9.h3 e5 10.Nd5 Nxd5 11.exd5 
Nb8 12.c4 O-O 13.a3 Bd7 14.b4 b6 15.Qb3 Qc8 16.a4 
Bxh3 17.Kh2 Bxg2 18.Kxg2 f5 19.Rfg1 f4 20.Bd2 fxg3 
21.fxg3 Nd7 22.Raf1 Rf6 23.Nh2 Qe8 24.Qd1 Qg6 
25.Rxf6 Bxf6 26.Qf3 Rf8 27.Qe4 Qxe4+ 28.dxe4 Be7 
29.Nf3 cxb4 30.Bxb4 a5 31.Ba3 Rb8 32.Rb1 Nf6 
33.Nd2 Nd7 34.Kf3 g5 35.Kg4 Rf8 36.Rf1 Rxf1 
37.Nxf1 Nf6+ 38.Kf5 Kf7 39.Bc1 {(offering draw)}  
Ne8 40.Kg4 Kg6 41.Kf3 h5 42.Be3 Bd8 43.Nh2 g4+ 
44.Ke2 Nf6 45.Kd3 Nh7 46.Bf2 Nf8 47.Ke2 Nd7 48.Kd3 
Nc5+ 49.Bxc5 bxc5 50.Nxg4 hxg4 51.Ke3 Bh4 
52.gxh4 0-1

[Event "HCL-C4071"]
[Site "www.playchess.de"]
[Date "2006.02.05"]
[Round "13"]
[White "IRONMAIDEN"]
[Black "Idris"]
[WhiteElo "1372"]
[BlackElo "878"]
[PlyCount "61"]
[Result "1-0"]

1.e4 e5 2.Nc3 d6 3.Nf3 Be7 4.d3 Nf6 5.Be2 Be6 
6.O-O Nc6 7.a3 Qd7 8.Ng5 O-O-O 9.Nxe6 Qxe6 10.Bg5 
Nd4 11.Bxf6 Bxf6 12.h3 h5 13.Bxh5 g6 14.Bg4 Nf5 
15.exf5 gxf5 16.Be2 f4 17.Bg4 Qxg4 18.Qxg4+ Kb8 
19.Nd5 Rh6 20.Rae1 Rdh8 21.Qd7 Bd8 22.Qxf7 c6 
23.Nxf4 a5 24.Re3 Bf6 25.Ne6 Ka7 26.Qc7 Ka6 27.b4 
Ka7 28.bxa5 Ka8 29.Rb1 Rb8 30.a6 bxa6 
31.Qxb8+ 1-0

[Event "HCL-B3849"]
[Site "www.playchess.de"]
[Date "2006.02.05"]
[Round "7"]
[White "Varaboca"]
[Black "nico21"]
[WhiteElo "1006"]
[BlackElo "1512"]
[PlyCount "150"]
[Result "0-1"]

1.e4 {Salud and good luck}  e5 2.Nf3 Nc6 3.Nc3 Nf6 
4.d4 exd4 5.Nxd4 Bb4 6.Bf4 Nxe4 7.Ndb5 Bxc3+ 
8.bxc3 d6 9.g3 Qe7 10.Qe2 Bf5 11.Bg2 a6 12.Nd4 
Nxd4 13.cxd4 d5 14.O-O f6 15.Qe3 Kf7 16.Rfe1 Rhe8 
17.f3 Nd6 18.Qb3 Be6 19.Be3 c6 20.g4 Qd7 21.Bh3 
Kg8 22.Re2 Nc4 23.Bc1 Bf7 24.Rf2 Re1+ 25.Rf1 Rxf1+ 
26.Bxf1 Re8 27.Kg2 Re1 28.Kf2 Qe7 29.Bb2 Rxa1 
30.Bxa1 Nd2 31.Qd3 Nxf1 32.Kxf1 Bg6 33.Qb3 h5 
34.h3 hxg4 35.hxg4 f5 36.gxf5 Bxf5 37.c4 Bh3+ 
38.Kf2 Qh4+ 39.Ke2 Bc8 40.Qe3 Qh2+ 41.Qf2 Qxf2+ 
42.Kxf2 dxc4 43.Bc3 Kf7 44.Ke3 Ke6 45.Ke4 g6 46.f4 
Bd7 47.a4 b5 48.a5 Kd6 49.Bb4+ Ke6 50.Bc3 Kf6 
51.Ke3 Kf5 52.Kf3 Be6 53.Ke3 Bd5 54.Bb4 g5 55.fxg5 
Kxg5 56.Be7+ Kf5 57.Bb4 Bh1 58.Kd2 Ke4 59.Kc3 Ke3 
60.Ba3 Be4 61.Bb2 Bd5 62.Bc1+ Ke4 63.Bb2 Be6 
64.Kb4 Kd3 65.Kc5 Bd5 66.Bc1 c3 67.Bh6 c2 68.Kb6 
b4 69.Kxa6 b3 70.Kb6 b2 71.a6 b1Q+ 72.Kc7 Kxd4 
73.a7 c5 74.Bg7+ Kc4 75.Bh6 Qb7+ 0-1

[Event "HCL-E1560"]
[Site "www.playchess.de"]
[Date "2006.02.05"]
[Round "8"]
[White "Josef1901"]
[Black "redstar"]
[WhiteElo "1561"]
[BlackElo "1730"]
[PlyCount "57"]
[Result "1-0"]

1.d4 Nf6 2.c4 g6 3.Nc3 Bg7 4.e4 d6 5.f3 O-O 6.Be3 
Nbd7 7.Bd3 c5 8.Nge2 cxd4 9.Nxd4 Nc5 10.Bc2 a6 
11.O-O Be6 12.Nd5 Bxd5 13.cxd5 Rc8 14.Rc1 Qd7 
15.b4 Ncxe4 16.Bxe4 Rxc1 17.Qxc1 Rc8 18.Qd2 h5 
19.Rc1 h4 20.Rxc8+ Qxc8 21.Qc2 Qd7 22.Nb3 h3 
23.Na5 Qb5 24.Qc4 Qa4 25.Bc2 Qa3 26.Qb3 Qxb3 
27.Bxb3 b5 28.Nc6 Kf8 29.Nb8 1-0

[Event "HCL-A2483"]
[Site "www.playchess.de"]
[Date "2006.02.05"]
[Round "2"]
[White "Eishockeytorwart"]
[Black "marandreo"]
[WhiteElo "1842"]
[BlackElo "1700"]
[PlyCount "108"]
[Result "1/2-1/2"]

1.e4 {willkomen und viel glück aus deutschland}  
c5 {hello fm Turin. Have fun!}  2.Nf3 {i am living 
in Mönchengladbach}  e6 {Borussia?}  3.c3 {ja 
Borussia Mönchengladbach wir leben gleich am  
neuen Stadion}  Nf6 {1980 wohnte ich drei Monate 
in Bielefeld (nicht so weit, ich erinnere mich). 
Das war eine der besten Perioden meines Lebens! 
(sorry for my German, it's rusty!)}  4.e5 {ihr 
deutsch ist viel besser als mein italienisch}  Nd5 
{Ich sehe, Arminia ist gut postiert dieses Jahr im 
Bundesliga!}  5.d4 {im moment sieht es gut aus 
aber die saison ist noch sehr lang}  cxd4 6.cxd4 
d6 7.Bc4 Nb6 8.Bg5 Be7 9.Bxe7 Qxe7 10.Bd3 Nd5 
11.O-O dxe5 12.dxe5 Bd7 13.Nbd2 O-O 14.Qc2 h6 
15.Qc4 Qb4 16.Be4 Qxc4 17.Nxc4 Bb5 18.Rfc1 Bxc4 
19.Rxc4 Nc6 20.g3 Rfd8 21.a3 Rd7 22.b4 Rad8 23.Rd1 
a6 24.Rcc1 Kf8 25.Bxd5 R7xd5 26.Rxd5 Rxd5 27.Re1 
g5 28.h3 Ke7 29.Kf1 Kd7 30.Re4 Rd3 31.Re3 Rxe3 
32.fxe3 Kc7 {Frohliche Weihnachtszeit! (gut 
geschrieben?)}  33.Ke2 {aush Ihnen frohe 
Weihnachten (Ihr Deutsch ist prima)}  Kb6 34.Kd3 
Kb5 {... und glueckliches NeuJahr!}  35.Kc3 Ka4 
36.Kb2 a5 37.bxa5 Nxa5 38.Nd2 b5 39.e4 b4 40.axb4 
Kxb4 41.Kc2 Nc6 42.Nf3 Kc4 43.Kd2 Nd4 44.Ne1 Nc6 
45.Nf3 Nd4 46.Ne1 h5 47.Ke3 Nc6 48.Nf3 g4 49.hxg4 
hxg4 50.Ng5 Nxe5 51.Nh7 Kc5 52.Kf4 Kd4 53.Ng5 Ng6+ 
54.Kxg4 f6 {(offering draw)}  1/2-1/2

[Event "HCL-A2576"]
[Site "www.playchess.de"]
[Date "2006.02.05"]
[Round "5"]
[White "Kannsnich"]
[Black "victorabiodun03"]
[WhiteElo "1319"]
[BlackElo "1357"]
[PlyCount "30"]
[Result "0-1"]

1.c4 Nf6 2.Nc3 d5 3.cxd5 Nxd5 4.Nf3 g6 5.g3 Bg7 
6.Bg2 O-O 7.O-O Nxc3 8.bxc3 c5 9.Re1 Nc6 10.Bb2 
Rb8 11.d4 Qb6 12.Rb1 Rd8 13.Ba3 Qa5 14.Bxc5 Qxc3 
15.Bxe7 Nxe7 0-1

[Event "HCL-A2535"]
[Site "www.playchess.de"]
[Date "2006.02.05"]
[Round "1"]
[White "Torenvalk"]
[Black "Chris"]
[WhiteElo "1532"]
[BlackElo "1615"]
[PlyCount "57"]
[Result "1-0"]

1.d4 {Have a good game.}  Nf6 2.c4 c5 3.e3 e6 
4.Nc3 cxd4 5.Qxd4 Nc6 6.Qd1 d6 7.Nf3 Be7 8.a3 a6 
9.Bd3 Qc7 10.O-O O-O 11.Qc2 Bd7 12.Rd1 Rac8 13.b3 
Qb8 14.Bb2 Na7 15.Ne4 b5 16.Nxf6+ Bxf6 17.Bxh7+ 
Kh8 18.Bxf6 gxf6 19.Bd3 Rfg8 20.Qe2 bxc4 21.Bxc4 
Bb5 22.Nd4 Bxc4 23.bxc4 Rg7 24.Qf3 f5 25.Rab1 Qc7 
26.Rb7 Qc5 27.Qh5+ Kg8 28.Qh6 Nc6 
29.Nxe6 1-0

[Event "HCL-C4109"]
[Site "www.playchess.de"]
[Date "2006.02.05"]
[Round "21"]
[White "JMD"]
[Black "spartan1"]
[WhiteElo "1293"]
[BlackElo "911"]
[PlyCount "23"]
[Result "1-0"]

1.d4 {hello from Paris}  d5 {And Hi from 
Michigan
}  2.e4 dxe4 3.Nc3 Nf6 4.f3 exf3 5.Nxf3 Bg4 6.h3 
Bxf3 7.Qxf3 Nc6 8.Bb5 Qd6 9.Bf4 Qxd4 10.Bxc6+ Nd7 
{How do manage to stay in class c with so MANY 
tournament wins?}  11.Rd1 {I have lost last games 
by out of time!!! I have reached class E in the 
past! I'm getting older and older!}  Qxf4 
12.Bxd7+ 1-0

[Event "HCL-C4081"]
[Site "www.playchess.de"]
[Date "2006.02.05"]
[Round "1"]
[White "Farquhart"]
[Black "dg"]
[WhiteElo "596"]
[BlackElo "1216"]
[PlyCount "38"]
[Result "0-1"]

1.e4 e5 2.Nf3 d6 3.d3 Bg4 4.h3 Bxf3 5.Qxf3 Qf6 
6.Nc3 Qxf3 7.gxf3 Nd7 8.Rg1 g6 9.Nd5 O-O-O 10.Be3 
b6 11.a4 Bg7 12.O-O-O Ndf6 13.f4 Nxd5 14.exd5 Ne7 
15.d4 exf4 16.Bxf4 Nxd5 17.Bg5 f6 18.Bd2 g5 19.Re1 
h6 0-1

[Event "HCL-M864"]
[Site "www.playchess.de"]
[Date "2006.02.05"]
[Round "19"]
[White "aldo"]
[Black "steinzell"]
[WhiteElo "1869"]
[BlackElo "1794"]
[PlyCount "59"]
[Result "1-0"]

1.d4 Nf6 2.c4 e6 3.Nf3 d5 4.Bg5 dxc4 5.e3 b5 6.a4 
c6 7.Be2 a6 8.O-O Bb7 9.b3 cxb3 10.Qxb3 Be7 11.Nc3 
O-O 12.Rfd1 Nd5 13.Bxe7 Nxe7 14.Ne4 Nd7 15.Nd6 Qc7 
16.Qa3 Nd5 17.Nxb7 Qxb7 18.Rac1 b4 19.Qb3 a5 20.e4 
Nf4 21.Bf1 Rac8 22.Qe3 Ng6 23.e5 Nb6 24.Qb3 Nf4 
25.Ng5 Nfd5 26.Qd3 g6 27.Qh3 h5 28.Ne4 Qe7 29.Qb3 
Kg7 30.Rc5 1-0

[Event "HCL-B3819"]
[Site "www.playchess.de"]
[Date "2006.02.05"]
[Round "3"]
[White "VITAL"]
[Black "learche"]
[WhiteElo "1232"]
[BlackElo "1423"]
[PlyCount "82"]
[Result "0-1"]

1.e4 e5 2.Bc4 Bc5 3.Nf3 d6 4.h3 Nf6 5.Ng5 O-O 6.d3 
h6 7.Nf3 Nc6 8.O-O Bd7 9.Nh4 Nxe4 10.dxe4 Qxh4 
11.c3 Bxh3 12.gxh3 Qg3+ 13.Kh1 Qxh3+ 14.Kg1 Qg3+ 
15.Kh1 Bxf2 16.Rxf2 Qxf2 17.Qg1 Qh4+ 18.Kg2 Qxe4+ 
19.Kf2 Qxc4 20.Bxh6 Qh4+ 21.Ke2 Qxh6 22.Nd2 Qh5+ 
23.Ke3 f6 24.Qg2 Qg5+ 25.Kf3 Qxg2+ 26.Kxg2 Kf7 
27.Rg1 Rfh8 28.Kg3 f5 29.b4 Rh6 30.Nf3 Rg6+ 31.Kf2 
Rxg1 32.Kxg1 Kf6 33.a4 g5 34.b5 Na5 35.Nd2 d5 
36.Kf2 g4 37.Kg3 Rh8 38.Kg2 f4 39.Kf2 Rh2+ 40.Ke1 
Rxd2 41.Kxd2 e4 0-1

[Event "HCL-A2586"]
[Site "www.playchess.de"]
[Date "2006.02.05"]
[Round "16"]
[White "hal1958"]
[Black "victorabiodun03"]
[WhiteElo "1394"]
[BlackElo "1357"]
[PlyCount "84"]
[Result "0-1"]

1.b4 {have a nice game}  Nf6 2.Bb2 e6 3.a3 c5 4.b5 
d5 5.e3 a5 6.a4 b6 7.Nf3 Nbd7 8.c4 Bb7 9.cxd5 exd5 
10.Be2 Bd6 11.O-O O-O 12.d3 Qe7 13.Nbd2 Rac8 
14.Rc1 Rfd8 15.h3 Ne5 16.d4 Ng6 17.dxc5 bxc5 
18.Nb3 c4 19.Nxa5 Bb4 20.Bxf6 gxf6 21.Nxb7 Qxb7 
22.Nd4 Ne5 23.Bg4 Rca8 24.Bf5 Bf8 25.f4 Ng6 26.Nc6 
Bc5 27.Nxd8 Rxd8 28.Qf3 Qa7 29.Rca1 Bxe3+ 30.Kh1 
d4 31.Bxg6 hxg6 32.Rfe1 c3 33.Qd1 Bxf4 34.Rf1 Be5 
35.a5 d3 36.b6 Qa6 37.Ra2 Rd6 38.Qb1 c2 39.Qc1 d2 
40.Rxc2 dxc1Q 41.Rcxc1 Qxa5 42.b7 
Rb6 0-1

[Event "HCL-A2561"]
[Site "www.playchess.de"]
[Date "2006.02.05"]
[Round "8"]
[White "nafets_bln"]
[Black "Grand73Am"]
[WhiteElo "1322"]
[BlackElo "1416"]
[PlyCount "32"]
[Result "0-1"]

1.e4 c5 2.Nf3 Nc6 3.Bc4 e6 4.c3 Nf6 5.d3 Be7 6.Na3 
a6 7.d4 d5 8.exd5 exd5 9.Bb3 c4 10.Bc2 Ne4 11.Bf4 
O-O 12.Ne5 Bg5 13.Nxc6 bxc6 14.Bxg5 Qxg5 15.Rg1 
Re8 16.Kf1 Nd2+ 0-1

[Event "HCL-B3865"]
[Site "www.playchess.de"]
[Date "2006.02.05"]
[Round "1"]
[White "Corak"]
[Black "indi74"]
[WhiteElo "1200"]
[BlackElo "1200"]
[PlyCount "38"]
[Result "0-1"]

1.e3 {hope to make this a good game for you :D}  
e5 2.Qg4 Nf6 3.Qg5 d6 4.Bb5+ Bd7 5.Bc4 Nc6 6.Nf3 
h6 7.Bxf7+ Kxf7 8.Nh4 hxg5 9.Nf3 g4 10.Ng5+ Kg8 
11.Nc3 Rh5 12.h4 gxh3 13.Nce4 Nb4 14.gxh3 Nxc2+ 
15.Kd1 Nxa1 16.Nxf6+ Qxf6 17.Rg1 Qxf2 18.Nf7 Qf3+ 
19.Ke1 Nc2+ {Je crois que nous sommes au bout du 
chemin !}  0-1

[Event "HCL-C4016"]
[Site "www.playchess.de"]
[Date "2006.02.05"]
[Round "36"]
[White "Viking"]
[Black "Mercator"]
[WhiteElo "980"]
[BlackElo "1042"]
[PlyCount "70"]
[Result "0-1"]

1.d4 d5 2.Nf3 Nf6 3.c4 e6 4.Bg5 Nbd7 5.Nc3 Be7 
6.e3 O-O 7.Bd3 h6 8.Bh4 c5 9.O-O cxd4 10.exd4 a6 
11.h3 dxc4 12.Bxc4 b5 13.Bd3 Bb7 14.Rc1 Rc8 15.Re1 
Qc7 16.a3 Rfe8 17.Qd2 b4 18.Ne2 Qb6 19.a4 a5 20.b3 
Bxf3 21.gxf3 e5 22.Ng3 Qb7 23.Qe3 exd4 24.Qe4 Nxe4 
25.Bxe4 Qb8 26.Nf5 Bxh4 27.Nxh4 Nf6 28.Ng2 Rxc1 
29.Rxc1 Nxe4 30.fxe4 Rxe4 31.Rd1 Qc7 32.f3 Re2 
33.Rxd4 Qc2 34.Rg4 Qxb3 35.Kh2 
Qxa4 0-1

[Event "HCL-E1541"]
[Site "www.playchess.de"]
[Date "2006.02.05"]
[Round "13"]
[White "vvv_v"]
[Black "yannick"]
[WhiteElo "1840"]
[BlackElo "1613"]
[PlyCount "73"]
[Result "1-0"]

1.e4 d6 2.d4 Nf6 3.Nc3 g6 4.Nf3 Bg7 5.Be2 O-O 
6.O-O Bg4 7.h3 Bxf3 8.Bxf3 e5 9.dxe5 dxe5 10.Bg5 
Nbd7 11.Nd5 c6 12.Nxf6+ Nxf6 13.Qe2 Qe7 14.Be3 
Rfd8 15.Rad1 Qb4 16.c3 Qa4 17.b3 Qa5 18.c4 c5 
19.g3 Kh8 20.Bg2 Nd7 21.Rd5 Qc7 22.Rfd1 Nf6 
23.R5xd8+ Rxd8 24.Rxd8+ Qxd8 25.Bxc5 b6 26.Be3 Nd7 
27.Qd2 f5 28.exf5 gxf5 29.Bc6 f4 30.gxf4 Qf6 
31.Bxd7 Qg6+ 32.Kh2 exf4 33.Bxf4 Bf6 34.Qd6 Kg7 
35.Be5 Bxe5+ 36.Qxe5+ Kh6 37.Qe6 1-0

[Event "HCL-E1530"]
[Site "www.playchess.de"]
[Date "2006.02.05"]
[Round "12"]
[White "XANDERKIRV"]
[Black "chochoyp"]
[WhiteElo "1519"]
[BlackElo "2080"]
[PlyCount "45"]
[Result "1-0"]

1.e4 {Hello and good luck.}  c5 {good game from 
paris}  2.Nf3 d6 3.d4 cxd4 4.Nxd4 Nf6 5.Nc3 a6 
6.f3 e6 7.Be3 b5 8.a3 Bb7 9.Bd3 Nbd7 10.Qd2 Rc8 
11.O-O-O Ne5 12.Be2 Be7 13.Kb1 Nc4 14.Bxc4 Rxc4 
15.b3 Rc8 16.g4 Qc7 17.Kb2 Qb8 18.h4 Ba8 19.h5 Nd7 
20.h6 g6 21.Bg5 b4 22.axb4 Qxb4 
23.Bxe7 1-0

[Event "HCL-B3838"]
[Site "www.playchess.de"]
[Date "2006.02.05"]
[Round "5"]
[White "nichju"]
[Black "Voromahery"]
[WhiteElo "993"]
[BlackElo "1500"]
[PlyCount "77"]
[Result "1-0"]

1.e4 {Greetings from Germany}  e5 2.Nf3 Nc6 3.Bc4 
d6 4.c3 h6 5.d4 Nf6 6.d5 Ne7 7.Be3 Nxe4 8.Nbd2 
Nxd2 9.Qxd2 Bg4 10.Qe2 Bxf3 11.Qxf3 b6 12.Bb5+ c6 
13.dxc6 Qc7 14.O-O d5 15.Rad1 Rd8 16.c4 d4 17.Bd2 
a6 18.Bxa6 Nxc6 19.Bb5 Be7 20.a4 O-O 21.Bxc6 Rd6 
22.Bd5 Rf6 23.Qh5 Qc5 24.Qxe5 Re8 25.Qh5 Rf8 26.b4 
Qd6 27.a5 bxa5 28.bxa5 Qa6 29.Rfe1 Qd6 30.Rda1 Rg6 
31.a6 Bf6 32.a7 d3 33.a8Q Rxa8 34.Rxa8+ Kh7 
35.Ree8 Bd8 36.Rexd8 Qxd8 37.Rxd8 Ra6 38.Qf5+ g6 
{Congratulation!}  39.Qxf7+ {Thank you.} 
 1-0

[Event "HCL-B3859"]
[Site "www.playchess.de"]
[Date "2006.02.05"]
[Round "4"]
[White "evets"]
[Black "IRONMAIDEN"]
[WhiteElo "1392"]
[BlackElo "1236"]
[PlyCount "60"]
[Result "0-1"]

1.d4 d5 2.Nd2 Nc6 3.Ngf3 Nf6 4.c3 b6 5.e3 Bg4 
6.Bb5 Bd7 7.Bxc6 Bxc6 8.O-O g6 9.Re1 Nd7 10.e4 Bh6 
11.e5 e6 12.Nf1 Bxc1 13.Qxc1 Qe7 14.c4 Rc8 15.Qh6 
Qf8 16.Qxf8+ Nxf8 17.N3d2 Nd7 18.Rac1 O-O 19.c5 
Bb5 20.cxb6 cxb6 21.b3 Nb8 22.Nf3 Rc6 23.Ne3 Rfc8 
24.Rxc6 Rxc6 25.Ng4 Rc7 26.Nf6+ Kh8 27.a4 Ba6 
28.Ne8 Rc3 29.Rb1 Bd3 30.Rb2 Rc1+ 0-1

[Event "HCL-E1515"]
[Site "www.playchess.de"]
[Date "2006.02.05"]
[Round "2"]
[White "XANDERKIRV"]
[Black "icc17103"]
[WhiteElo "1581"]
[BlackElo "1618"]
[PlyCount "41"]
[Result "1-0"]

1.e4 {Hi and good luck.}  e6 {hi.}  2.d4 d5 3.Nd2 
Nf6 4.e5 Nfd7 5.Ngf3 c5 6.c3 Nc6 7.Bb5 Be7 8.Bxc6 
bxc6 9.O-O cxd4 10.cxd4 c5 11.Nb3 c4 12.Nbd2 O-O 
13.a3 a5 14.Ne1 f6 15.f4 Ba6 16.Rf3 Qb6 17.Nf1 
fxe5 18.fxe5 Nxe5 19.Rxf8+ Rxf8 20.Nf3 Nd3 
21.Bg5 1-0

[Event "HCL-B3820"]
[Site "www.playchess.de"]
[Date "2006.02.05"]
[Round "23"]
[White "JRockne"]
[Black "dynamike"]
[WhiteElo "1053"]
[BlackElo "1610"]
[PlyCount "64"]
[Result "0-1"]

1.e4 c5 2.Nc3 e6 3.Bb5 a6 4.Ba4 b5 5.Bb3 c4 6.Nf3 
cxb3 7.axb3 Bb7 8.d3 Qc7 9.O-O Bb4 10.Ne2 Nc6 
11.Ng3 Nf6 12.c3 Be7 13.Re1 O-O 14.Be3 Ng4 15.h3 
Nxe3 16.Rxe3 Rad8 17.Rc1 Bd6 18.Nd2 f5 19.exf5 
exf5 20.d4 f4 21.Rd3 fxg3 22.f3 Rde8 23.Ne4 Na5 
24.b4 Nc4 25.Rc2 Bf4 26.d5 Qb6+ 27.Kf1 Bxd5 
28.Rxd5 Ne3+ 29.Ke2 Nxd1 30.Kxd1 Qg1+ 31.Ke2 Qxg2+ 
32.Kd3 Qxf3+ 0-1

[Event "HCL-E1526"]
[Site "www.playchess.de"]
[Date "2006.02.05"]
[Round "18"]
[White "PieceSeeker3"]
[Black "Matu"]
[WhiteElo "1585"]
[BlackElo "1554"]
[PlyCount "51"]
[Result "1-0"]

1.e4 c6 2.d4 d5 3.e5 Bf5 4.Bd3 Bxd3 5.Qxd3 e6 
6.Nf3 Nd7 7.O-O Ne7 8.Nc3 a6 9.Ne2 c5 10.c4 dxc4 
11.Qxc4 b5 12.Qc3 cxd4 13.Nexd4 Rc8 14.Qe3 Nc6 
15.b3 Bc5 16.Bb2 Qb6 17.Rad1 O-O 18.Qf4 Nxd4 
19.Nxd4 Rfd8 20.h4 Nb8 21.Bc3 Nc6 22.Nxc6 Qxc6 
23.Rxd8+ Rxd8 24.b4 Bxf2+ 25.Qxf2 Qxc3 
26.Qxf7+ 1-0

[Event "HCL-B3703"]
[Site "www.playchess.de"]
[Date "2006.02.05"]
[Round "9"]
[White "lasker"]
[Black "scaper"]
[WhiteElo "1200"]
[BlackElo "1295"]
[PlyCount "119"]
[Result "1-0"]

1.e4 c5 2.Nf3 e6 3.d4 cxd4 4.Nxd4 Nf6 5.e5 Qa5+ 
6.c3 Qxe5+ 7.Be2 Bc5 8.Be3 Nd5 9.Qd3 Nxe3 10.Qxe3 
Qxe3 11.fxe3 O-O 12.b4 Bb6 13.a4 Nc6 14.a5 Bc7 
15.Na3 a6 16.Nc4 d5 17.Nb2 e5 18.Nxc6 bxc6 19.g3 
g6 20.Kd2 Bf5 21.Na4 Rad8 22.Bxa6 d4 23.Rad1 Bg4 
24.Be2 dxc3+ 25.Ke1 c2 26.Rc1 Bxe2 27.Kxe2 c5 
28.Rxc2 Rdc8 29.Rxc5 Bd6 30.Rxc8 Rxc8 31.Rb1 Rc2+ 
32.Kd3 Rxh2 33.Nc3 e4+ 34.Nxe4 Be5 35.Rb3 f5 
36.Nc3 Bxg3 37.a6 Bb8 38.b5 Rh1 39.Nb1 Rd1+ 40.Nd2 
Kf7 41.Rc3 h5 42.Rc8 Bd6 43.a7 Ra1 44.a8Q Rxa8 
45.Rxa8 f4 46.b6 fxe3 47.Kxe3 Bc5+ 48.Kf3 Bxb6 
49.Ne4 Kg7 50.Nf2 Bxf2 51.Kxf2 Kh6 52.Kg3 g5 
53.Ra6+ Kg7 54.Kf3 Kh7 55.Ke4 Kg7 56.Kf5 g4 57.Kg5 
g3 58.Ra7+ Kf8 59.Kxh5 g2 60.Ra1 1-0

[Event "HCL-A2581"]
[Site "www.playchess.de"]
[Date "2006.02.05"]
[Round "12"]
[White "wbaldan"]
[Black "victorabiodun03"]
[WhiteElo "1344"]
[BlackElo "1357"]
[PlyCount "45"]
[Result "1-0"]

1.e4 e6 2.d4 d5 3.Nd2 Nf6 4.e5 Nfd7 5.Bd3 c5 6.c3 
Qb6 7.Ne2 Nc6 8.Nf3 Be7 9.O-O cxd4 10.cxd4 O-O 
11.Nf4 Rd8 12.a3 Nf8 13.b4 f5 14.Be3 g5 15.Ne2 f4 
16.Bc1 Ng6 17.Bxg6 hxg6 18.Qd3 Kg7 19.h4 g4 
20.Nxf4 gxf3 21.Qxg6+ Kf8 22.Nh5 Qxd4 
23.Bh6+ 1-0

[Event "HCL-E1567"]
[Site "www.playchess.de"]
[Date "2006.02.05"]
[Round "5"]
[White "Chuck_Ventimiglia"]
[Black "Matu"]
[WhiteElo "2000"]
[BlackElo "1511"]
[PlyCount "45"]
[Result "1-0"]

1.e4 {Hello amd nice to meet you!!}  c6 {hello and 
good luck}  2.d4 {Nice to meet you!!}  d5 3.Nd2 
dxe4 4.Nxe4 Nf6 5.Nxf6+ exf6 6.Bc4 Bd6 7.Qe2+ Qe7 
8.Qxe7+ Kxe7 9.Ne2 Re8 10.Be3 Kf8 11.O-O-O Be6 
12.d5 Bxd5 13.Bxd5 cxd5 14.Rxd5 Bc7 15.Rd2 g6 
16.a3 a5 17.h4 Ra6 18.Nc3 Bb6 19.Bh6+ Kg8 20.Rhd1 
Bc5 21.R2d8 Rae6 22.Nd5 Bxf2 23.Nxf6+ 1-0

[Event "HCL-B3817"]
[Site "www.playchess.de"]
[Date "2006.02.05"]
[Round "4"]
[White "ArthurDent"]
[Black "munther"]
[WhiteElo "980"]
[BlackElo "1350"]
[PlyCount "56"]
[Result "0-1"]

1.e4 c5 2.Nf3 Nc6 3.d4 cxd4 4.Nxd4 e5 5.Nxc6 bxc6 
6.Nc3 Ne7 7.Qf3 Ng6 8.Bc4 f6 9.Bg5 Bb4 10.O-O Bxc3 
11.bxc3 d5 12.exd5 fxg5 13.dxc6 Rf8 14.Qh5 Bf5 
15.Bb5 Qf6 16.Qf3 Kf7 17.Rad1 Kg8 18.c7 e4 19.Qe2 
a6 20.Qc4+ Be6 21.Qxe4 axb5 22.Qb4 Bc4 23.Rfe1 
Qxf2+ 24.Kh1 Nf4 25.Reg1 Bd5 26.h3 Bxg2+ 27.Kh2 
Bd5+ 28.Rg2 Qxg2+ 0-1

[Event "HCL-B3836"]
[Site "www.playchess.de"]
[Date "2006.02.05"]
[Round "13"]
[White "willi_weizenkeim"]
[Black "riziotis"]
[WhiteElo "1034"]
[BlackElo "1307"]
[PlyCount "48"]
[Result "0-1"]

1.c4 {calimera ! :-)}  c5 {calimera. good luck}  
2.Nc3 {same 2 u & have fun !}  Nf6 {always :)}  
3.e3 {where r u from in greece ?}  e5 {athens}  
4.Qf3 {oh,... thats not really a small town *ggg*} 
 d6 5.Bd3 Nc6 6.Nge2 Bg4 7.Qg3 Qd7 8.O-O e4 9.Bc2 
d5 10.cxd5 Nxd5 11.Nxd5 Bxe2 12.Re1 Qxd5 13.Rxe2 
Nb4 14.Bb3 c4 15.Ba4+ b5 16.Bd1 Qd3 17.Qe5+ Be7 
18.Qxb5+ Kf8 19.a3 a6 20.Qb7 Nc2 21.Ra2 Rd8 
22.Qxa6 Qb3 23.Bxc2 Qxc2 24.Ra1 
Qd1+ 0-1

[Event "HCL-B3839"]
[Site "www.playchess.de"]
[Date "2006.02.05"]
[Round "6"]
[White "PhilipKaveny"]
[Black "ValhallaWarrior"]
[WhiteElo "1353"]
[BlackElo "1097"]
[PlyCount "33"]
[Result "1-0"]

1.e4 e5 {Good Luck!!!}  2.f4 {You Also}  exf4 
3.Nf3 d5 4.e5 Bg4 5.d4 Bb4+ 6.c3 Ba5 7.Bxf4 f6 
8.Be2 fxe5 9.Nxe5 Bxe2 10.Qxe2 Nf6 11.Ng6+ Ne4 
12.Nxh8 Qh4+ 13.Bg3 Qf6 14.Rf1 Qg5 15.Nd2 Kd7 
16.Nxe4 dxe4 17.Rf7+ 1-0

[Event "HCL-B3839"]
[Site "www.playchess.de"]
[Date "2006.02.05"]
[Round "4"]
[White "Sporang"]
[Black "ValhallaWarrior"]
[WhiteElo "1031"]
[BlackElo "1097"]
[PlyCount "33"]
[Result "1-0"]

1.e4 e5 {Good Luck!!!}  2.Nf3 Nc6 3.Bc4 Nf6 4.Ng5 
d5 5.exd5 Nxd5 6.Qf3 Qxg5 7.Bxd5 Be6 8.Bxc6+ bxc6 
9.Qxc6+ Bd7 10.Qxa8+ Ke7 11.Nc3 g6 12.d3 Qf5 
13.Bd2 Bg7 14.Qxa7 Rc8 15.O-O-O e4 16.Rhe1 Be5 
17.dxe4 1-0

[Event "HCL-C3843"]
[Site "www.playchess.de"]
[Date "2006.02.05"]
[Round "5"]
[White "Genesio"]
[Black "Sargreg3"]
[WhiteElo "1030"]
[BlackElo "800"]
[PlyCount "164"]
[Result "0-1"]

1.d4 {Welcome!}  b6 2.e4 Bb7 3.Nc3 d6 4.Bd3 Nc6 
5.Nf3 Nf6 6.O-O e5 7.dxe5 dxe5 8.Bg5 Be7 9.Qd2 O-O 
10.a3 h6 11.Bh4 Ng4 12.Bxe7 Nxe7 13.h3 Nf6 14.Nxe5 
Bxe4 15.Nxe4 Nxe4 16.Qe3 Nc5 17.Rad1 Qd6 18.Bc4 
Qf6 19.b4 Ne6 20.Nd7 Qb2 21.Nxf8 Rxf8 22.Bb3 Qxa3 
23.Rd7 Nf5 24.Qd3 Nd6 25.Re1 Qxb4 26.Ra1 a5 27.Ra4 
Qe1+ 28.Qf1 Qxf1+ 29.Kxf1 Nc5 30.Rxc7 Nxa4 31.Bxa4 
Nc4 32.Rxc4 Rd8 33.Ke2 g5 34.Rc6 Kg7 35.Rxb6 Rd4 
36.Bb5 a4 37.c3 Re4+ 38.Kd3 Re1 39.Bxa4 f6 40.Rb7+ 
Kg6 41.c4 Rf1 42.Be8+ Kf5 43.f3 Re1 44.g4+ Kf4 
45.Bc6 Kg3 46.Rh7 Kxh3 47.Rxh6+ Kg3 48.Rxf6 Kh4 
49.Rh6+ Kg3 50.Be4 Kf4 51.c5 Rd1+ 52.Kc4 Rd7 53.c6 
Rc7 54.Rd6 Ke5 55.Kc5 Rc8 56.Kb6 Kxd6 57.Kb7 Rc7+ 
58.Kb6 Rc8 59.Bf5 Rxc6+ 60.Kb5 Rc3 61.Be4 Rc5+ 
62.Kb6 {(offering draw)}  Rc3 63.Kb5 Kc7 64.Bd5 
{(offering draw) I think this game is draw...}  
Kb8 65.Kb4 Rc7 66.Kb5 Ka7 67.Be4 {(offering draw) 
Draw?}  Rc1 68.Bd5 Rc2 69.Be4 Rc8 70.Bc6 Rd8 
71.Be4 Rd6 72.Bc6 Kb8 73.Kc5 Rd1 74.Bd5 Kc7 75.Bc6 
{(offering draw) draw?}  Rc1+ 76.Kd5 Rxc6 77.Ke5 
Rg6 78.Kf5 Rg8 79.f4 gxf4 80.Kxf4 Kd6 81.Kf5 Ke7 
82.g5 Kf7 0-1

[Event "HCL-C4107"]
[Site "www.playchess.de"]
[Date "2006.02.05"]
[Round "8"]
[White "DerPate"]
[Black "epenz"]
[WhiteElo "800"]
[BlackElo "1004"]
[PlyCount "61"]
[Result "1-0"]

1.e4 e5 2.Nf3 Nc6 3.Bb5 d6 4.d4 Bd7 5.Bg5 Be7 
6.Qd2 h6 7.Be3 Nf6 8.Nc3 a6 9.Bd3 O-O 10.d5 Nb4 
11.Be2 c6 12.a3 cxd5 13.axb4 dxe4 14.Ng1 d5 15.Bc5 
d4 16.Na4 Bxa4 17.Rxa4 b5 18.Ra3 Qc7 19.Nh3 Bxc5 
20.bxc5 Qxc5 21.O-O b4 22.Ra4 a5 23.Rfa1 Rfd8 
24.b3 Ne8 25.Kh1 f5 26.Bc4+ Kh7 27.f3 e3 28.Qd3 g6 
29.g3 g5 30.Qxf5+ Kg7 31.Qf7+ 1-0

[Event "HCL-B3831"]
[Site "www.playchess.de"]
[Date "2006.02.05"]
[Round "6"]
[White "schachsky"]
[Black "saravanan"]
[WhiteElo "1192"]
[BlackElo "1643"]
[PlyCount "23"]
[Result "1-0"]

1.e4 {Best wishes for 2006, to begin with a nice 
game here -:)}  e6 {all the best}  2.Nf3 d5 3.exd5 
exd5 4.d4 Bg4 5.Be2 Nc6 6.Be3 Nf6 7.c3 Ne4 8.O-O 
Bd6 9.g3 f5 10.Nbd2 Qf6 11.Nxe4 fxe4 
12.Bd2 1-0

[Event "HCL-B3833"]
[Site "www.playchess.de"]
[Date "2006.02.05"]
[Round "8"]
[White "Skipper_Robert"]
[Black "schachsky"]
[WhiteElo "1044"]
[BlackElo "1192"]
[PlyCount "41"]
[Result "1-0"]

1.Nf3 d5 2.d4 e6 3.e3 c5 4.c3 Nf6 5.Bd3 Nc6 6.Qa4 
Bd7 7.Qb3 b6 8.Na3 c4 9.Bxc4 dxc4 10.Nxc4 Be7 
11.O-O O-O 12.Re1 Ne4 13.Qc2 f5 14.b4 b5 15.Ncd2 
Nf6 16.Qd3 a6 17.e4 fxe4 18.Nxe4 Qc7 19.h3 Nd5 
20.Neg5 Nf4 21.Qxh7+ 1-0